[Event "Liga CS Istok 2017"]
[Site "Zaječar, Hotel "]
[Date "2017.10.12"]
[Round "6.4"]
[White "Miskovic, Lazar**"]
[Black "Laban, Dragan"]
[Result "1-0"]
[WhiteElo "1738"]
[BlackElo "1608"]
[PlyCount "85"]
[EventDate "2017.09.03"]

1. e4 c5 2. c3 b6 3. Nf3 Bb7 4. d3 Qc7 5. g3 d6 6. Bg2 Nd7 7. O-O Ngf6 8. h3 e6
9. Nbd2 Be7 10. Re1 O-O 11. Nc4 Rab8 12. Bf4 e5 13. Be3 Rfd8 14. Qc2 Rbc8 15.
Rad1 b5 16. Ncd2 a5 17. b3 d5 18. exd5 Nxd5 19. Nf1 c4 20. dxc4 bxc4 21. Bd2
cxb3 22. axb3 Bf6 23. c4 a4 24. Bg5 axb3 25. Qxb3 Nc5 26. Qc2 Ne6 27. Bxf6 gxf6
28. Re4 Ne7 29. Rg4+ Ng6 30. h4 h5 31. Rxg6+ fxg6 32. Qxg6+ Qg7 33. Rxd8+ Rxd8
34. Nxe5 Bxg2 35. Kxg2 Nf4+ 36. gxf4 fxe5 37. Qxg7+ Kxg7 38. fxe5 Rd4 39. Ng3
Kg6 40. e6 Rd6 41. f4 Kf6 42. Ne4+ Kxe6 43. Nxd6 1-0

[Event "Liga CS Istok 2017"]
[Site "Zaječar, Hotel "]
[Date "2017.10.12"]
[Round "6.5"]
[White "Jovic, Mirko"]
[Black "Garic, Radomir"]
[Result "1/2-1/2"]
[WhiteElo "2206"]
[BlackElo "2264"]
[PlyCount "25"]
[EventDate "2017.09.03"]

1. e4 c5 2. Nf3 Nc6 3. d4 cxd4 4. c3 d5 5. exd5 Qxd5 6. cxd4 e5 7. Nc3 Bb4 8.
Bd2 Bxc3 9. Bxc3 e4 10. Ne5 Nh6 11. Bc4 Qd6 12. O-O O-O 13. Qh5 1/2-1/2

[Event "Liga CS Istok 2017"]
[Site "Zaječar, Hotel "]
[Date "2017.10.12"]
[Round "6.5"]
[White "Milunovic, Toni"]
[Black "Rasic, Jovan*"]
[Result "0-1"]
[WhiteElo "2269"]
[BlackElo "2111"]
[PlyCount "66"]
[EventDate "2017.09.03"]

1. d4 g6 2. e4 Bg7 3. Nf3 d6 4. Bc4 Nf6 5. Qe2 O-O 6. O-O Bg4 7. h3 Bxf3 8.
Qxf3 Nc6 9. c3 e5 10. Be3 Nd7 11. Rd1 Kh8 12. Bd5 Ne7 13. Bxb7 Rb8 14. Ba6 Rxb2
15. Nd2 f5 16. dxe5 Nxe5 17. Qg3 fxe4 18. Bg5 e3 19. Qxe3 Qe8 20. Qxa7 Nd5 21.
Bf1 Qf7 22. Rab1 Nc6 23. Qa4 Qxf2+ 24. Kh1 Nxc3 25. Qxc6 Nxd1 26. Rxd1 Bd4 27.
Bc4 Qg3 28. Rf1 Rxf1+ 29. Nxf1 Qxg5 30. Qe8+ Kg7 31. Qg8+ Kh6 32. Qf8+ Bg7 33.
Qf3 Rb1 0-1

[Event "Liga CS Istok 2017"]
[Site "Zaječar, Hotel "]
[Date "2017.10.12"]
[Round "6.5"]
[White "Jovanovic, Milan D"]
[Black "Lazic, Milan Z"]
[Result "1/2-1/2"]
[WhiteElo "2055"]
[BlackElo "2050"]
[PlyCount "40"]
[EventDate "2017.09.03"]

1. d4 c6 2. c4 d6 3. Nf3 Bg4 4. Nc3 Qc7 5. e4 Nd7 6. Be3 e5 7. Be2 Ngf6 8. O-O
Be7 9. Rc1 O-O 10. Ng5 Bxe2 11. Qxe2 h6 12. Nh3 a5 13. f4 a4 14. Kh1 Qa5 15.
fxe5 dxe5 16. Rf5 a3 17. b3 g6 18. Rff1 Kg7 19. dxe5 Nxe5 20. Bd2 Bb4 1/2-1/2

[Event "Liga CS Istok 2017"]
[Site "Zaječar, Hotel "]
[Date "2017.10.12"]
[Round "6.5"]
[White "Simic, Petar S**"]
[Black "Todorovic, Zoran D"]
[Result "1-0"]
[WhiteElo "2000"]
[BlackElo "2066"]
[PlyCount "85"]
[EventDate "2017.09.03"]

1. d4 Nf6 2. c4 e6 3. Nc3 c5 4. d5 exd5 5. cxd5 d6 6. Nf3 g6 7. Bf4 a6 8. e4
Bg7 9. Qa4+ Nfd7 10. Be2 O-O 11. Qc2 Qe7 12. a4 Nf6 13. O-O Bg4 14. Rfe1 Bxf3
15. Bxf3 Nbd7 16. h3 Ne5 17. Be2 h6 18. Bg3 g5 19. f4 gxf4 20. Bxf4 Ng6 21. Bg3
Nd7 22. Kh1 Be5 23. Bxe5 Ndxe5 24. Rf1 Nh4 25. g3 Nhg6 26. Rf5 Kg7 27. Raf1 Rh8
28. Nd1 c4 29. Ne3 b5 30. Rh5 Qc7 31. Nf5+ Kf8 32. Rxh6 Rxh6 33. Nxh6 Ke7 34.
Qd2 Rh8 35. Qg5+ Ke8 36. Kg2 Qe7 37. Qe3 Qc7 38. axb5 Qc5 39. Qxc5 dxc5 40.
bxa6 Ke7 41. Nf5+ Kd7 42. Ne3 Rb8 43. Nxc4 1-0

[Event "Liga CS Istok 2017"]
[Site "Zaječar, Hotel "]
[Date "2017.10.12"]
[Round "6.5"]
[White "Mitic, Dragan"]
[Black "Brankovan, Mario"]
[Result "0-1"]
[WhiteElo "2122"]
[BlackElo "1877"]
[PlyCount "77"]
[EventDate "2017.09.03"]

1. e4 d6 2. d4 c6 3. Nf3 Qc7 4. Nc3 e5 5. Be2 Be7 6. h3 h6 7. O-O Nf6 8. Be3
Nbd7 9. a3 Nf8 10. Qd2 g5 11. dxe5 dxe5 12. Bc4 Ng6 13. Nh2 Nf4 14. Bxf4 gxf4
15. b4 Rg8 16. Kh1 Rg7 17. Rfd1 Bd7 18. Qe2 Kf8 19. Qf3 Kg8 20. Rg1 a5 21. b5
cxb5 22. Bxb5 Bxb5 23. Nxb5 Qxc2 24. Nc3 Bc5 25. Ra2 Qb3 26. Nd5 Qxa2 27. Nxf6+
Kh8 28. Qh5 Rg6 29. Qxe5 Qe6 30. Qxc5 Qxf6 31. f3 b6 32. Qc7 h5 33. e5 Qe6 34.
Rd1 Qa2 35. Ng4 hxg4 36. hxg4 Qf2 37. Rd6 Qh4+ 38. Kg1 Rxd6 39. exd6 0-1

[Event "Liga CS Istok 2017"]
[Site "Zaječar, Hotel "]
[Date "2017.10.12"]
[Round "6.5"]
[White "Delic, Brano"]
[Black "Miljkovic, Milan A"]
[Result "1-0"]
[WhiteElo "1728"]
[BlackElo "1899"]
[PlyCount "79"]
[EventDate "2017.09.03"]

1. b4 e6 2. Bb2 Nf6 3. b5 d5 4. e3 Be7 5. Nf3 O-O 6. c4 c6 7. a4 a6 8. Qb3 axb5
9. axb5 Rxa1 10. Bxa1 Nbd7 11. Be2 Nc5 12. Qc2 dxc4 13. bxc6 Nd3+ 14. Bxd3 cxd3
15. Qc4 Qb6 16. O-O bxc6 17. Ne5 c5 18. Qxd3 Rd8 19. Qc2 Bb7 20. Na3 Qd6 21.
Nac4 Qd5 22. f3 Ba8 23. Rb1 Re8 24. Qa4 Qd8 25. e4 h6 26. Qa6 Nd7 27. Nc6 Bxc6
28. Qxc6 Nf6 29. Rb7 Qa8 30. Be5 Rd8 31. Qb5 Bf8 32. Kf2 Qa2 33. Bc3 Ne8 34. e5
g6 35. Ba5 Ra8 36. Qd7 Ng7 37. Qxf7+ Kh7 38. Nd6 Qxa5 39. Ne4 Kh8 40. Qxg6 1-0

[Event "Liga CS Istok 2017"]
[Site "Zaječar, Hotel "]
[Date "2017.10.12"]
[Round "6.5"]
[White "Minic, Marko"]
[Black "Blagojevic, Aleksandar*"]
[Result "0-1"]
[WhiteElo "1936"]
[BlackElo "1608"]
[PlyCount "110"]
[EventDate "2017.09.03"]

1. d4 d5 2. Bf4 g6 3. e3 Bg7 4. Be2 c5 5. c3 cxd4 6. exd4 Nc6 7. h3 Nf6 8. Nf3
O-O 9. O-O Bf5 10. Nbd2 Re8 11. Qb3 Qd7 12. Rfd1 Ne4 13. Rac1 Rad8 14. Nxe4
Bxe4 15. Nd2 Bf5 16. Nf1 b6 17. Ne3 Na5 18. Qb4 Qb7 19. Nxf5 gxf5 20. Bb5 Rf8
21. Re1 Bf6 22. Be5 Bxe5 23. Rxe5 e6 24. Qa4 a6 25. Bd3 Nc6 26. Re3 b5 27. Qd1
Ne7 28. Qh5 Ng6 29. g4 f4 30. Rf3 Qc7 31. Re1 Rde8 32. Re5 f6 33. Bxg6 fxe5 34.
Bxe8 e4 35. Qg5+ Qg7 36. Qxg7+ Kxg7 37. Bh5 exf3 38. g5 a5 39. Bxf3 b4 40. h4
bxc3 41. bxc3 Rc8 42. Bg4 Kf7 43. h5 Rxc3 44. g6+ hxg6 45. hxg6+ Kf6 46. Kg2
Rc6 47. Kf3 Kxg6 48. Kxf4 Kf6 49. Ke3 Rc3+ 50. Kd2 Ra3 51. f4 Rxa2+ 52. Kc3 Rf2
53. Bd1 Rxf4 54. Ba4 e5 55. dxe5+ Kxe5 0-1